| 000 | 00528nam a22001457a 4500 | ||
|---|---|---|---|
| 082 | _aMSITE-2 SAR | ||
| 100 | _aSarah Fatima Asad | ||
| 245 | _aEvaluating the impact of web 2.0 technologies in the course: History of Art | ||
| 260 |
_a(Islamabad) _b NUST-SEECS _c2017 |
||
| 300 | _a88p. | ||
| 856 | _uhttp://10.250.8.41:8080/xmlui/handle/123456789/30523 | ||
| 942 |
_2ddc _cTHE |
||
| 999 |
_c342360 _d342360 |
||